[Event "Bundesliga 9900"]
[Site "Deutschland"]
[Date "2000.04.09"]
[Round "15.6"]
[White "Gustafsson, Jan"]
[Black "Zude, Arno"]
[Result "1-0"]
[WhiteElo "2436"]
[BlackElo "2372"]
[PlyCount "85"]
[EventDate "1999.10.09"]
[EventType "team"]
[EventRounds "15"]
[EventCountry "GER"]
[SourceTitle "Bundesliga 9900"]
[Source "DeepChess"]
[SourceDate "2005.01.01"]
[SourceVersion "1"]
[SourceVersionDate "2005.01.01"]
[SourceQuality "1"]
[WhiteTeam "Hamburger SK 1830 e.V."]
[BlackTeam "PSV Turm Duisburg 1920 e.V."]
[WhiteTeamCountry "GER"]
[BlackTeamCountry "GER"]

1. d4 Nf6 2. Nf3 e6 3. e3 d5 4. Bd3 c5 5. b3 Nc6 6. Bb2 cxd4 7. exd4 Be7 8.
Nbd2 O-O 9. a3 b6 10. O-O Bb7 11. Qe2 Qc7 12. Rac1 Rac8 13. Rfe1 Bd6 14. Ne5
Qe7 15. Ra1 Rfd8 16. Qe3 Nd7 17. f4 Nf8 18. Kh1 g6 19. Ndf3 Nb8 20. c4 Ba6 21.
Ng4 h5 22. Nge5 Bxe5 23. Nxe5 Nbd7 24. cxd5 Bxd3 25. Nc6 Rxc6 26. dxc6 Ba6 27.
cxd7 Qxd7 28. d5 Qxd5 29. Qc3 e5 30. Rxe5 Qd3 31. Re7 Qxc3 32. Bxc3 Rc8 33. Be5
Ne6 34. Rxa7 Bd3 35. Rb7 g5 36. Rb8 Rxb8 37. Bxb8 gxf4 38. a4 Be4 39. b4 f3 40.
gxf3 Bxf3+ 41. Kg1 Kf8 42. a5 b5 43. a6 1-0

[Event "Bundesliga 9900"]
[Site "Deutschland"]
[Date "2000.04.09"]
[Round "15.7"]
[White "Kummerow, Heiko"]
[Black "Michaelsen, Nils"]
[Result "1/2-1/2"]
[WhiteElo "2319"]
[BlackElo "2439"]
[PlyCount "58"]
[EventDate "1999.10.09"]
[EventType "team"]
[EventRounds "15"]
[EventCountry "GER"]
[SourceTitle "Bundesliga 9900"]
[Source "DeepChess"]
[SourceDate "2005.01.01"]
[SourceVersion "1"]
[SourceVersionDate "2005.01.01"]
[SourceQuality "1"]
[WhiteTeam "PSV Turm Duisburg 1920 e.V."]
[BlackTeam "Hamburger SK 1830 e.V."]
[WhiteTeamCountry "GER"]
[BlackTeamCountry "GER"]

1. e4 c5 2. Nf3 Nc6 3. d4 cxd4 4. Nxd4 e6 5. Nb5 d6 6. Bf4 e5 7. Be3 Nf6 8. Bg5
a6 9. N5c3 Be7 10. Bxf6 Bxf6 11. Nd5 O-O 12. Be2 Bg5 13. O-O Be6 14. a4 Rc8 15.
Na3 Kh8 16. c3 Ne7 17. Nxe7 Bxe7 18. Bg4 Qb6 19. Bxe6 fxe6 20. Qe2 Rf4 21. g3
Rf6 22. Nc4 Qc6 23. Nd2 Rcf8 24. a5 R6f7 25. Qc4 Qd7 26. Qa4 Qc7 27. Qc4 Qd7
28. Qa4 Qc7 29. Qc4 Qd7 1/2-1/2

[Event "Bundesliga 9900"]
[Site "Deutschland"]
[Date "2000.04.09"]
[Round "15.8"]
[White "Reeh, Oliver"]
[Black "Schmitz, Joachim"]
[Result "1-0"]
[WhiteElo "2399"]
[BlackElo "2320"]
[PlyCount "47"]
[EventDate "1999.10.09"]
[EventType "team"]
[EventRounds "15"]
[EventCountry "GER"]
[SourceTitle "Bundesliga 9900"]
[Source "DeepChess"]
[SourceDate "2005.01.01"]
[SourceVersion "1"]
[SourceVersionDate "2005.01.01"]
[SourceQuality "1"]
[WhiteTeam "Hamburger SK 1830 e.V."]
[BlackTeam "PSV Turm Duisburg 1920 e.V."]
[WhiteTeamCountry "GER"]
[BlackTeamCountry "GER"]

1. e4 c6 2. c4 d5 3. cxd5 cxd5 4. exd5 Nf6 5. Nc3 Nxd5 6. Nf3 e6 7. d4 Nc6 8.
Bd3 Be7 9. O-O O-O 10. Re1 Nf6 11. a3 b6 12. Bg5 h6 13. Bh4 Nh5 14. Be4 Bxh4
15. Bxc6 Rb8 16. Ne5 Nf4 17. g3 f6 18. Nf3 Nh3+ 19. Kg2 Qc7 20. d5 g5 21. Nb5
Qg7 22. dxe6 Bb7 23. Bxb7 Qxb7 24. Qd7 1-0

[Event "Bundesliga 9900"]
[Site "Deutschland"]
[Date "2000.04.09"]
[Round "15.5"]
[White "Andersson, Ulf"]
[Black "Lau, Ralf"]
[Result "1/2-1/2"]
[WhiteElo "2623"]
[BlackElo "2460"]
[PlyCount "142"]
[EventDate "1999.10.09"]
[EventType "team"]
[EventRounds "15"]
[EventCountry "GER"]
[SourceTitle "Bundesliga 9900"]
[Source "DeepChess"]
[SourceDate "2005.01.01"]
[SourceVersion "1"]
[SourceVersionDate "2005.01.01"]
[SourceQuality "1"]
[WhiteTeam "SG Porz e.V."]
[BlackTeam "Luebecker SV von 1873 "]
[WhiteTeamCountry "GER"]
[BlackTeamCountry "GER"]

1. Nf3 Nf6 2. c4 g6 3. g3 Bg7 4. Bg2 O-O 5. O-O d6 6. Nc3 e5 7. d4 exd4 8. Nxd4
Re8 9. b3 Nbd7 10. Bb2 a6 11. Qd2 Nc5 12. Rad1 Bd7 13. Qc2 a5 14. Rfe1 Qc8 15.
e4 Bh3 16. f3 Bxg2 17. Kxg2 c6 18. Nde2 Qc7 19. Nf4 Red8 20. Nce2 Qb6 21. Bc3
Ne8 22. Nd3 Ne6 23. Bxg7 N8xg7 24. Nc3 Qa6 25. Qf2 Nc7 26. Rd2 b5 27. cxb5 Nxb5
28. Nxb5 Qxb5 29. Nb2 Ne6 30. Na4 d5 31. exd5 cxd5 32. Nc3 Qb7 33. Red1 d4 34.
Ne2 a4 35. bxa4 Rxa4 36. Nxd4 Nxd4 37. Rxd4 Rdxd4 38. Rxd4 Rxd4 39. Qxd4 Qb1
40. Qd2 h5 41. a4 Qa1 42. a5 Kh7 43. f4 Qa3 44. Qd5 Kg8 45. f5 Qe3 46. Qb5 g5
47. a6 g4 48. Kf1 Kh7 49. f6 Kg6 50. Qc4 Qf3+ 51. Ke1 Qxf6 52. Kd2 Qb6 53. Kd3
Qd6+ 54. Kc2 Qb6 55. Kc3 Qa5+ 56. Kb3 f6 57. Qe4+ Kg5 58. Qe3+ Kg6 59. a7 Qb5+
60. Kc3 Qa5+ 61. Kc4 Qa4+ 62. Kd3 Qa3+ 63. Ke2 Qa2+ 64. Kf1 Qa1+ 65. Kg2 Qa2+
66. Qf2 Qd5+ 67. Kf1 Qd3+ 68. Qe2 Qb1+ 69. Kf2 Qf5+ 70. Kg2 Qd5+ 71. Kf1 Qf5+
1/2-1/2

[Event "Bundesliga 9900"]
[Site "Deutschland"]
[Date "2000.04.09"]
[Round "15.6"]
[White "Mortensen, Erling"]
[Black "Hansen, Curt"]
[Result "1-0"]
[WhiteElo "2445"]
[BlackElo "2607"]
[PlyCount "89"]
[EventDate "1999.10.09"]
[EventType "team"]
[EventRounds "15"]
[EventCountry "GER"]
[SourceTitle "Bundesliga 9900"]
[Source "DeepChess"]
[SourceDate "2005.01.01"]
[SourceVersion "1"]
[SourceVersionDate "2005.01.01"]
[SourceQuality "1"]
[WhiteTeam "Luebecker SV von 1873 "]
[BlackTeam "SG Porz e.V."]
[WhiteTeamCountry "GER"]
[BlackTeamCountry "GER"]

1. e4 c5 2. Nf3 e6 3. d4 cxd4 4. Nxd4 a6 5. Nc3 Qc7 6. Bd3 Nf6 7. Qe2 d6 8. Bg5
Be7 9. O-O-O Nc6 10. Nxc6 bxc6 11. f4 Rb8 12. e5 dxe5 13. fxe5 Nd5 14. Bxe7
Nxc3 15. bxc3 Qxe7 16. Rhf1 Qg5+ 17. Rd2 g6 18. Qf3 O-O 19. Qf4 Qe7 20. Rdf2 c5
21. h4 c4 22. Qxc4 Bd7 23. Qd4 Bb5 24. c4 Ba4 25. Qf4 Qa3+ 26. Kd2 Rbd8 27. Rf3
Qb2 28. Rc1 Rd4 29. Qf6 Rg4 30. g3 Qb4+ 31. Ke2 Bc6 32. Re3 h5 33. Rf1 Qa5 34.
Rf4 Rxf4 35. gxf4 Qd8 36. Qxd8 Rxd8 37. Be4 Bxe4 38. Rxe4 Rc8 39. Kd3 Kf8 40.
Rd4 Rc5 41. Kc3 Ke7 42. Kb4 Rc8 43. Rd6 Rb8+ 44. Kc3 Rb1 45. c5 1-0

[Event "Bundesliga 9900"]
[Site "Deutschland"]
[Date "2000.04.09"]
[Round "15.7"]
[White "Bacrot, Etienne"]
[Black "Cladouras, Panagiotis"]
[Result "1-0"]
[WhiteElo "2592"]
[BlackElo "2335"]
[PlyCount "59"]
[EventDate "1999.10.09"]
[EventType "team"]
[EventRounds "15"]
[EventCountry "GER"]
[SourceTitle "Bundesliga 9900"]
[Source "DeepChess"]
[SourceDate "2005.01.01"]
[SourceVersion "1"]
[SourceVersionDate "2005.01.01"]
[SourceQuality "1"]
[WhiteTeam "SG Porz e.V."]
[BlackTeam "Luebecker SV von 1873 "]
[WhiteTeamCountry "GER"]
[BlackTeamCountry "GER"]

1. d4 Nf6 2. c4 d6 3. Nf3 Nbd7 4. Nc3 c6 5. e4 e5 6. Be2 Qc7 7. O-O h6 8. Rb1
Be7 9. b4 g5 10. d5 c5 11. a3 Kf8 12. Be3 a6 13. Ne1 b6 14. Qd2 Kg7 15. Nd3 Nf8
16. Rfd1 Bd8 17. f3 Ng6 18. g3 Nh7 19. Na4 Qd7 20. bxc5 Qxa4 21. cxb6 Rb8 22.
c5 Nf6 23. c6 Bxb6 24. Rxb6 Rxb6 25. Bxb6 Qxa3 26. Qb2 Qxb2 27. Nxb2 g4 28. Nc4
gxf3 29. Bxf3 Ne8 30. Ba5 1-0

[Event "Bundesliga 9900"]
[Site "Deutschland"]
[Date "2000.04.09"]
[Round "15.8"]
[White "Sieg, Ulrich"]
[Black "Nijboer, Friso"]
[Result "0-1"]
[WhiteElo "2304"]
[BlackElo "2559"]
[PlyCount "94"]
[EventDate "1999.10.09"]
[EventType "team"]
[EventRounds "15"]
[EventCountry "GER"]
[SourceTitle "Bundesliga 9900"]
[Source "DeepChess"]
[SourceDate "2005.01.01"]
[SourceVersion "1"]
[SourceVersionDate "2005.01.01"]
[SourceQuality "1"]
[WhiteTeam "Luebecker SV von 1873 "]
[BlackTeam "SG Porz e.V."]
[WhiteTeamCountry "GER"]
[BlackTeamCountry "GER"]

1. Nf3 Nf6 2. c4 g6 3. g3 Bg7 4. Bg2 O-O 5. O-O d6 6. Nc3 Nc6 7. d4 Rb8 8. h3
a6 9. e4 Nd7 10. Bg5 Na5 11. b3 c5 12. Rc1 cxd4 13. Nxd4 Nc6 14. Be3 Re8 15.
Kh1 Qa5 16. Qd2 Nc5 17. Nxc6 bxc6 18. f4 Bxc3 19. Qxc3 Qxa2 20. b4 Na4 21. Qe1
c5 22. Ra1 Qb3 23. Rf3 Nb2 24. bxc5 Qxc4 25. Bg1 dxc5 26. Rc3 Qe6 27. Bxc5 Bd7
28. Bd4 Bb5 29. Rf3 Nd3 30. Qe3 Rbd8 31. f5 Qc4 32. fxg6 hxg6 33. Bb6 Rd7 34.
Bf1 Qe6 35. Bd4 Ne5 36. Rf2 Bxf1 37. Bxe5 Bd3 38. Bb2 Qxe4+ 39. Qxe4 Bxe4+ 40.
Kg1 f5 41. Rxa6 Rd1+ 42. Rf1 Rd3 43. Rxg6+ Kf7 44. Rg7+ Ke6 45. Bc1 Rc8 46. g4
Rg3+ 47. Kf2 Rf3+ 0-1

[Event "Bundesliga 9900"]
[Site "Deutschland"]
[Date "2000.04.09"]
[Round "15.1"]
[White "Hracek, Zbynek"]
[Black "Schlosser, Philipp"]
[Result "1/2-1/2"]
[WhiteElo "2629"]
[BlackElo "2512"]
[PlyCount "84"]
[EventDate "1999.10.09"]
[EventType "team"]
[EventRounds "15"]
[EventCountry "GER"]
[SourceTitle "Bundesliga 9900"]
[Source "DeepChess"]
[SourceDate "2005.01.01"]
[SourceVersion "1"]
[SourceVersionDate "2005.01.01"]
[SourceQuality "1"]
[WhiteTeam "SAbt SV Werder Bremen"]
[BlackTeam "SK Passau 1869"]
[WhiteTeamCountry "GER"]
[BlackTeamCountry "GER"]

1. d4 Nf6 2. c4 e6 3. Nc3 Bb4 4. Qc2 c5 5. dxc5 a6 6. Nf3 Qc7 7. a3 Bxc5 8. Bg5
Be7 9. e4 d6 10. Bd3 Nbd7 11. b4 b6 12. O-O Bb7 13. Rfd1 O-O 14. Rac1 Rac8 15.
Qe2 Qb8 16. h3 Rc7 17. Bf4 Rfc8 18. Qd2 Qa8 19. Re1 Bf8 20. Bg3 h6 21. Bf4 e5
22. Be3 b5 23. cxb5 axb5 24. Nxb5 Rxc1 25. Rxc1 d5 26. Rxc8 Qxc8 27. Bb1 d4 28.
Nfxd4 exd4 29. Qxd4 Qc6 30. Nc3 Bd6 31. f4 Bc7 32. Kf2 Nf8 33. b5 Qe8 34. e5
N6d7 35. Nd5 Bxd5 36. Qxd5 Bb6 37. a4 Qe7 38. Bxb6 Nxb6 39. Qd4 Qa7 40. Ba2
Qxa4 41. Qxa4 Nxa4 42. Bb3 Nb6 1/2-1/2

[Event "Bundesliga 9900"]
[Site "Deutschland"]
[Date "2000.04.09"]
[Round "15.2"]
[White "Ribli, Zoltan"]
[Black "Babula, Vlastimil"]
[Result "1/2-1/2"]
[WhiteElo "2586"]
[BlackElo "2567"]
[PlyCount "87"]
[EventDate "1999.10.09"]
[EventType "team"]
[EventRounds "15"]
[EventCountry "GER"]
[SourceTitle "Bundesliga 9900"]
[Source "DeepChess"]
[SourceDate "2005.01.01"]
[SourceVersion "1"]
[SourceVersionDate "2005.01.01"]
[SourceQuality "1"]
[WhiteTeam "SK Passau 1869"]
[BlackTeam "SAbt SV Werder Bremen"]
[WhiteTeamCountry "GER"]
[BlackTeamCountry "GER"]

1. Nf3 Nf6 2. c4 g6 3. g3 Bg7 4. Bg2 O-O 5. Nc3 d6 6. O-O Nc6 7. d4 a6 8. b3
Rb8 9. Nd5 Nh5 10. Bb2 e6 11. Nc3 b5 12. d5 Ne7 13. dxe6 fxe6 14. c5 dxc5 15.
Qc2 Nc6 16. Ne4 Nd4 17. Nxd4 cxd4 18. Rad1 e5 19. e3 Bg4 20. Rd2 Rf7 21. h3 Bf3
22. Bxf3 Rxf3 23. exd4 exd4 24. Rfd1 Qe7 25. Bxd4 Re8 26. Re2 Bxd4 27. Rxd4
Ref8 28. Rd5 Nf6 29. Nxf6+ Qxf6 30. h4 Rf7 31. Rde5 Kg7 32. Qc5 Rf5 33. Rxf5
Qxf5 34. Re5 Qf6 35. Qe3 Qd6 36. h5 gxh5 37. Re6 Qd1+ 38. Kh2 Qf3 39. Qd4+ Kg8
40. Kg1 Qf5 41. Rxa6 Rd7 42. Qe3 Rd1+ 43. Kh2 Qd5 44. Qe8+ 1/2-1/2

[Event "Bundesliga 9900"]
[Site "Deutschland"]
[Date "2000.04.09"]
[Round "15.3"]
[White "Pelletier, Yannick"]
[Black "Wells, Peter K"]
[Result "0-1"]
[WhiteElo "2479"]
[BlackElo "2476"]
[PlyCount "88"]
[EventDate "1999.10.09"]
[EventType "team"]
[EventRounds "15"]
[EventCountry "GER"]
[SourceTitle "Bundesliga 9900"]
[Source "DeepChess"]
[SourceDate "2005.01.01"]
[SourceVersion "1"]
[SourceVersionDate "2005.01.01"]
[SourceQuality "1"]
[WhiteTeam "SAbt SV Werder Bremen"]
[BlackTeam "SK Passau 1869"]
[WhiteTeamCountry "GER"]
[BlackTeamCountry "GER"]

1. Nf3 Nf6 2. c4 e6 3. Nc3 d5 4. d4 dxc4 5. e4 Bb4 6. Qa4+ Nc6 7. Bg5 Bd7 8.
Qd1 b5 9. a4 a6 10. Be2 Ne7 11. Qc2 Bc6 12. d5 exd5 13. O-O-O Bxc3 14. Qxc3 b4
15. Qd4 Nxe4 16. Qxg7 Rg8 17. Qxg8+ Nxg8 18. Bxd8 Rxd8 19. Rde1 Kf8 20. Ne5 Bb7
21. Bf3 Ngf6 22. g4 Nc5 23. Kb1 Nfe4 24. Bxe4 Nxe4 25. f3 Nd2+ 26. Kc2 Nb3 27.
g5 Bc8 28. Nc6 Rd6 29. Nxb4 c5 30. Na2 Nd4+ 31. Kc1 Nxf3 32. Re3 Nxg5 33. Rd1
d4 34. Re5 Ne6 35. Nc3 Nf4 36. Ne4 Rb6 37. Nxc5 d3 38. Rf1 Ne2+ 39. Kb1 Bg4 40.
Ne4 c3 41. Nxc3 Nxc3+ 42. Ka1 d2 43. bxc3 d1=Q+ 44. Rxd1 Bxd1 0-1

[Event "Bundesliga 9900"]
[Site "Deutschland"]
[Date "2000.04.09"]
[Round "15.4"]
[White "Enders, Peter"]
[Black "Knaak, Rainer"]
[Result "0-1"]
[WhiteElo "2493"]
[BlackElo "2505"]
[PlyCount "84"]
[EventDate "1999.10.09"]
[EventType "team"]
[EventRounds "15"]
[EventCountry "GER"]
[SourceTitle "Bundesliga 9900"]
[Source "DeepChess"]
[SourceDate "2005.01.01"]
[SourceVersion "1"]
[SourceVersionDate "2005.01.01"]
[SourceQuality "1"]
[WhiteTeam "SK Passau 1869"]
[BlackTeam "SAbt SV Werder Bremen"]
[WhiteTeamCountry "GER"]
[BlackTeamCountry "GER"]

1. e4 e6 2. d4 d5 3. Nc3 Nf6 4. e5 Nfd7 5. f4 c5 6. Nf3 Nc6 7. Be3 cxd4 8. Nxd4
Bc5 9. Qd2 O-O 10. O-O-O a6 11. g3 Qc7 12. Kb1 Nxd4 13. Bxd4 b5 14. Bg2 Bb7 15.
Rhe1 Bxd4 16. Qxd4 Rfc8 17. Rc1 Qa5 18. Qd2 d4 19. Bxb7 dxc3 20. Qd6 Nc5 21.
Bxc8 Rxc8 22. Re3 b4 23. Rd1 cxb2 24. f5 h6 25. fxe6 Nxe6 26. Rf1 Qa4 27. Rb3
Qb5 28. Qd3 Qb7 29. Qf3 Qc7 30. Rxb2 a5 31. a3 Nd4 32. Qd3 Qxe5 33. axb4 axb4
34. Rxb4 Nxc2 35. Qa6 Qc3 36. Rb2 Nb4 37. Qd6 Nd3 38. Rb8 Qc2+ 39. Ka1 Qa4+ 40.
Kb1 Qc2+ 41. Ka1 Kh7 42. Qb6 Rc4 0-1

[Event "Bundesliga 9900"]
[Site "Deutschland"]
[Date "2000.04.09"]
[Round "15.6"]
[White "Renner, Christoph"]
[Black "Heissler, Jakob"]
[Result "0-1"]
[WhiteElo "2448"]
[BlackElo "2447"]
[PlyCount "74"]
[EventDate "1999.10.09"]
[EventType "team"]
[EventRounds "15"]
[EventCountry "GER"]
[SourceTitle "Bundesliga 9900"]
[Source "DeepChess"]
[SourceDate "2005.01.01"]
[SourceVersion "1"]
[SourceVersionDate "2005.01.01"]
[SourceQuality "1"]
[WhiteTeam "SK Passau 1869"]
[BlackTeam "SAbt SV Werder Bremen"]
[WhiteTeamCountry "GER"]
[BlackTeamCountry "GER"]

1. e4 c5 2. Nf3 e6 3. d3 Nc6 4. g3 d5 5. Qe2 Nf6 6. Bg2 Be7 7. O-O O-O 8. e5
Nd7 9. Re1 b5 10. h4 a5 11. Bf4 a4 12. c3 b4 13. c4 Nb6 14. Nbd2 Ra7 15. Rac1
Na5 16. Ng5 Qe8 17. Nf1 b3 18. a3 h6 19. Nf3 dxc4 20. dxc4 Ba6 21. N3d2 Rd7 22.
Be4 f5 23. exf6 Bxf6 24. Qg4 h5 25. Qh3 Bxb2 26. Rb1 Bd4 27. Nf3 Bxc4 28. Ng5
Re7 29. Nd2 Nd5 30. Bd6 Rxf2 31. Kh1 Rxd2 32. Bxe7 Qxe7 33. Bh7+ Kh8 34. Rxe6
Qf8 35. Rbe1 Ne3 36. Rd6 Ng4 37. Bg6 Nf2+ 0-1

[Event "Bundesliga 9900"]
[Site "Deutschland"]
[Date "2000.04.09"]
[Round "15.7"]
[White "Meins, Gerlef"]
[Black "Pichler, Juergen"]
[Result "1/2-1/2"]
[WhiteElo "2421"]
[BlackElo "2412"]
[PlyCount "99"]
[EventDate "1999.10.09"]
[EventType "team"]
[EventRounds "15"]
[EventCountry "GER"]
[SourceTitle "Bundesliga 9900"]
[Source "DeepChess"]
[SourceDate "2005.01.01"]
[SourceVersion "1"]
[SourceVersionDate "2005.01.01"]
[SourceQuality "1"]
[WhiteTeam "SAbt SV Werder Bremen"]
[BlackTeam "SK Passau 1869"]
[WhiteTeamCountry "GER"]
[BlackTeamCountry "GER"]

1. d4 d5 2. Nf3 Nf6 3. c4 c6 4. Qc2 dxc4 5. Qxc4 Bf5 6. Nc3 Nbd7 7. g3 e6 8.
Bg2 Be7 9. O-O O-O 10. Bg5 Ne4 11. Bxe7 Qxe7 12. Qb3 Rab8 13. Qa4 a6 14. Nh4
Nxc3 15. bxc3 h6 16. Nxf5 exf5 17. e3 Nf6 18. Rab1 Rbd8 19. Rb6 Rd7 20. Rfb1
Rc8 21. Qc2 g6 22. c4 Rcc7 23. c5 h5 24. R6b3 h4 25. Bf3 hxg3 26. hxg3 Nh7 27.
Kg2 Ng5 28. Be2 Ne4 29. Rh1 Qf6 30. Bd3 Re7 31. Qc1 Rcd7 32. Qg1 Re8 33. Qh2
Kf8 34. Qh8+ Ke7 35. Qxf6+ Kxf6 36. Bxe4 fxe4 37. Rh7 Ree7 38. Rb1 Kg5 39. Rbh1
f5 40. Rh8 Rf7 41. R1h4 Rde7 42. a4 Rd7 43. Re8 Rde7 44. Rxe7 Rxe7 45. Kh3 Rd7
46. Rh8 Rf7 47. a5 Rd7 48. Rg8 Rf7 49. Kg2 Re7 50. Rh8 1/2-1/2

[Event "Bundesliga 9900"]
[Site "Deutschland"]
[Date "2000.04.09"]
[Round "15.8"]
[White "Gross, David2"]
[Black "Hedke, Fred"]
[Result "1-0"]
[WhiteElo "2425"]
[BlackElo "2376"]
[PlyCount "73"]
[EventDate "1999.10.09"]
[EventType "team"]
[EventRounds "15"]
[EventCountry "GER"]
[SourceTitle "Bundesliga 9900"]
[Source "DeepChess"]
[SourceDate "2005.01.01"]
[SourceVersion "1"]
[SourceVersionDate "2005.01.01"]
[SourceQuality "1"]
[WhiteTeam "SK Passau 1869"]
[BlackTeam "SAbt SV Werder Bremen"]
[WhiteTeamCountry "GER"]
[BlackTeamCountry "GER"]

1. e4 e5 2. Nf3 Nc6 3. Bb5 d6 4. d4 Bd7 5. Nc3 exd4 6. Nxd4 Nf6 7. O-O Be7 8.
Bf4 O-O 9. Bxc6 bxc6 10. e5 dxe5 11. Bxe5 Bd6 12. Bg3 Rb8 13. b3 c5 14. Nf3 Bc6
15. Ne5 Ba8 16. Nc4 Bxg3 17. hxg3 Qd4 18. Ne2 Qe4 19. f3 Qc6 20. Nf4 Rbd8 21.
Qe1 Qd7 22. Rd1 Qf5 23. Qf2 Bb7 24. Rxd8 Rxd8 25. Re1 h6 26. Nd3 Nd7 27. Nce5
Nxe5 28. Rxe5 Qg6 29. Rxc5 Ba6 30. Nf4 Qf6 31. Rd5 Qa1+ 32. Kh2 Re8 33. c4 Bb7
34. Qd4 Qxa2 35. Nh5 f6 36. Qg4 Re7 37. Rd8+ 1-0

[Event "Bundesliga 9900"]
[Site "Deutschland"]
[Date "2000.04.09"]
[Round "15.2"]
[White "Gallagher, Joseph G"]
[Black "Bunzmann, Dimitrij"]
[Result "1/2-1/2"]
[WhiteElo "2521"]
[BlackElo "2596"]
[PlyCount "45"]
[EventDate "1999.10.09"]
[EventType "team"]
[EventRounds "15"]
[EventCountry "GER"]
[SourceTitle "Bundesliga 9900"]
[Source "DeepChess"]
[SourceDate "2005.01.01"]
[SourceVersion "1"]
[SourceVersionDate "2005.01.01"]
[SourceQuality "1"]
[WhiteTeam "SV Castrop Rauxel 1923"]
[BlackTeam "SF Neukoelln 03 e.V."]
[WhiteTeamCountry "GER"]
[BlackTeamCountry "GER"]

1. e4 e6 2. d4 d5 3. Nc3 Bb4 4. e5 Ne7 5. Nf3 c5 6. dxc5 Nd7 7. Bd3 Nc6 8. O-O
Ndxe5 9. Nxe5 Nxe5 10. Bf4 Nxd3 11. Qxd3 O-O 12. Bd6 Re8 13. Nb5 Ba5 14. c4
dxc4 15. Qxc4 a6 16. Nc3 Bxc3 17. Qxc3 Bd7 18. Rfd1 Bc6 19. Rd3 f6 20. Rad1 Qd7
21. Rh3 e5 22. Qc2 f5 23. Qc4+ 1/2-1/2

[Event "Bundesliga 9900"]
[Site "Deutschland"]
[Date "2000.04.09"]
[Round "15.4"]
[White "Hoffmann, Michael"]
[Black "Berndt, Stephan"]
[Result "0-1"]
[WhiteElo "2439"]
[BlackElo "2500"]
[PlyCount "68"]
[EventDate "1999.10.09"]
[EventType "team"]
[EventRounds "15"]
[EventCountry "GER"]
[SourceTitle "Bundesliga 9900"]
[Source "DeepChess"]
[SourceDate "2005.01.01"]
[SourceVersion "1"]
[SourceVersionDate "2005.01.01"]
[SourceQuality "1"]
[WhiteTeam "SV Castrop Rauxel 1923"]
[BlackTeam "SF Neukoelln 03 e.V."]
[WhiteTeamCountry "GER"]
[BlackTeamCountry "GER"]

1. e4 c5 2. Nf3 d6 3. d4 cxd4 4. Nxd4 Nf6 5. Nc3 g6 6. Be3 Bg7 7. f3 O-O 8. Qd2
Nc6 9. O-O-O d5 10. Qe1 e5 11. Nxc6 bxc6 12. exd5 Nxd5 13. Bc4 Be6 14. Ne4 Qc7
15. Bc5 Rfd8 16. Qh4 h6 17. g4 Rd7 18. g5 h5 19. Rd2 Rad8 20. Rhd1 Nf4 21. Bxe6
Rxd2 22. Rxd2 Rxd2 23. Nxd2 Nxe6 24. Be3 e4 25. Nxe4 Qe5 26. c3 Qd5 27. a3 Be5
28. Qf2 Qd3 29. h4 Nf4 30. Bxf4 Bxf4+ 31. Nd2 f6 32. gxf6 g5 33. hxg5 h4 34. g6
Bxd2+ 0-1

[Event "Bundesliga 9900"]
[Site "Deutschland"]
[Date "2000.04.09"]
[Round "15.5"]
[White "Brynell, Stellan"]
[Black "Dinstuhl, Volkmar"]
[Result "1/2-1/2"]
[WhiteElo "2488"]
[BlackElo "2404"]
[PlyCount "96"]
[EventDate "1999.10.09"]
[EventType "team"]
[EventRounds "15"]
[EventCountry "GER"]
[SourceTitle "Bundesliga 9900"]
[Source "DeepChess"]
[SourceDate "2005.01.01"]
[SourceVersion "1"]
[SourceVersionDate "2005.01.01"]
[SourceQuality "1"]
[WhiteTeam "SF Neukoelln 03 e.V."]
[BlackTeam "SV Castrop Rauxel 1923"]
[WhiteTeamCountry "GER"]
[BlackTeamCountry "GER"]

1. e4 c5 2. Nf3 d6 3. Bb5+ Nd7 4. d4 Ngf6 5. Nc3 a6 6. Bxd7+ Nxd7 7. O-O cxd4
8. Qxd4 e6 9. Re1 Qc7 10. Be3 Ne5 11. Na4 Bd7 12. Nb6 Rd8 13. Nxd7 Nxd7 14.
Rad1 Nf6 15. e5 dxe5 16. Qxd8+ Qxd8 17. Rxd8+ Kxd8 18. Nxe5 Ke8 19. c4 Bd6 20.
Bf4 Rg8 21. Rd1 Be7 22. Rd3 Ne4 23. Be3 f6 24. Nf3 Kf7 25. Bb6 Rc8 26. b3 Rc6
27. Be3 b5 28. cxb5 axb5 29. Nd4 Ra6 30. f3 Nd6 31. Rd2 e5 32. Ne2 Ke6 33. Rc2
Nf5 34. Bf2 h5 35. Kf1 h4 36. g4 hxg3 37. hxg3 Bd6 38. Nc1 Ne7 39. Nd3 Nd5 40.
Bc5 Rc6 41. Rc1 f5 42. Bxd6 Rxc1+ 43. Nxc1 Kxd6 44. a4 bxa4 45. bxa4 Kc5 46.
Kf2 Kc4 47. a5 Kb5 48. Nd3 e4 1/2-1/2

[Event "Bundesliga 9900"]
[Site "Deutschland"]
[Date "2000.04.09"]
[Round "15.6"]
[White "Brendel, Oliver"]
[Black "Polzin, Rainer"]
[Result "1-0"]
[WhiteElo "2413"]
[BlackElo "2475"]
[PlyCount "84"]
[EventDate "1999.10.09"]
[EventType "team"]
[EventRounds "15"]
[EventCountry "GER"]
[SourceTitle "Bundesliga 9900"]
[Source "DeepChess"]
[SourceDate "2005.01.01"]
[SourceVersion "1"]
[SourceVersionDate "2005.01.01"]
[SourceQuality "1"]
[WhiteTeam "SV Castrop Rauxel 1923"]
[BlackTeam "SF Neukoelln 03 e.V."]
[WhiteTeamCountry "GER"]
[BlackTeamCountry "GER"]

1. e4 c5 2. Nf3 d6 3. d4 cxd4 4. Nxd4 Nf6 5. Nc3 g6 6. Be3 Bg7 7. f3 O-O 8. Qd2
Nc6 9. O-O-O d5 10. Qe1 e5 11. Nxc6 bxc6 12. exd5 Nxd5 13. Bc4 Be6 14. h4 Qc7
15. Nxd5 cxd5 16. Bxd5 Bxd5 17. Rxd5 Qc4 18. Qa5 e4 19. b3 Qe2 20. Qd2 Qa6 21.
Bd4 e3 22. Qd3 Qxd3 23. cxd3 Bh6 24. Re1 Rac8+ 25. Rc5 Rfe8 26. Kd1 Rcd8 27.
Rc4 Bf4 28. Ke2 Bg3 29. Rh1 Bf2 30. h5 Rd7 31. Rhc1 f5 32. hxg6 hxg6 33. Rh1
Rh7 34. Rxh7 Kxh7 35. Bxa7 g5 36. b4 Kg6 37. Bd4 f4 38. b5 Ra8 39. a4 g4 40. b6
gxf3+ 41. gxf3 Kf5 42. b7 Rg8 1-0